000 00778nam a2200229 i 4500
001 13472
003 ES-MaACL
005 20250904063038.0
007 t|
008 980416s1997 sp ||||1| spa d
020 _a84-88973-59-4
080 _a34(081) Castro y Bravo, Federico de
100 1 _aCastro y Bravo, Federico de,
_d1903-1983
_936965
245 1 0 _aEstudios jurídicos del profesor Federico de Castro.
260 _a[Madrid] :
_bCentro de Estudios Registrales,
_c[1997]
300 _a2 v. ;
_c25 cm.
500 _aÍndices.
650 7 _aDerecho-
_zEspaña
_2
_9141531
710 2 _aColegio de Registradores de la Propiedad y Mercantiles de España.
_bCentro de Estudios Registrales.
_9162314
852 _aES-MaACL
_jL-20848-49
999 _c13472
_d13472